The temple of the wild geese and Bamboo dolls of echizen / (Registro nro. 11079)

Detalles MARC
000 -LIDER
fixed length control field 00731nam a2200241 a 4500
001 - NÚMERO DE CONTROL
Identificador de número de control 0000581
003 - IDENTIFICACDOR DE NÚMERO DE CONTROL
control field DO-SdBNP
005 - DATE AND TIME OF LATEST TRANSACTION
control field 20180206115452.0
007 - CAMPOS FIJOS DE DESCRIPCIÓN FÍSICA
fixed length control field 0000581
008 - ELEMENTOS DE LONGITUD FIJA
fixed length control field 140711s 2008 xxu 000 0 spa d
020 ## - ISBN
International Standard Book Number 9781564784902
040 ## - FUENTE DE CATALOGACIÓN
Agencia que crea de manera original el registro BPMSU
Idioma de catalogación spa
Agencia que realiza la transcripción BPMSU
100 1# - ASIENTO PRINCIPAL -- NOMBRE PERSONAL
Nombre personal Mizukami, Tsutomu
245 14 - MENCIÓN DE TITULO
Título The temple of the wild geese and Bamboo dolls of echizen /
Mención de responsabilidad Tsutomu Mizukami ; traducción Dennus Washburn
260 ## - PUBLICACIÓN, DISTRIBUCIÓN, ETC. (PIE DE IMPRENTA)
Lugar de publicación, distribución, etc Estados Unidos :
Nombre del editor, distribuidor, etc. Dalkey archive press,
Fecha de publicación, distribución, etc 2008.
300 ## - DESCRIPCIÓN FÍSICA
Extensión 203 p. ;
Dimensiones 24 cm.
650 #4 - ENCABEZAMIENTO DE MATERIA--TEMÁTICO
Término temático o nombre geográfico como elemento de entrada POESÍA ÉPICA GRIEGA
650 #4 - ENCABEZAMIENTO DE MATERIA--TEMÁTICO
Término temático o nombre geográfico como elemento de entrada LITERATURA GRIEGA
700 12 - ASIENTO SECUNDARIO -- NOMBRE PERSONAL
Nombre personal Washburn, Dennis
Mención de responsabilidad trad.
942 ## - ADDED ENTRY ELEMENTS (KOHA)
Source of classification or shelving scheme Dewey Decimal Classification
Koha item type Libros
945 ## - INFORMACIÓN DE PROCESAMIENTO LOCAL
Información de procesamiento local inventariado, 2018 / dg
956 ## - LOCAL ELECTRONIC LOCATION AND ACCESS (OCLC)
Nombre de host YLOCKWARD
Número de acceso 10
Inicio de sesión BND01
Procesador de solicitud 1027
Existencias
Withdrawn status Lost status Source of classification or shelving scheme Damaged status Not for loan Home library Current library Date acquired Source of acquisition Total Checkouts Barcode Date last seen Price effective from Koha item type
    Dewey Decimal Classification     Biblioteca Pública Metropolitana Salomé Ureña Biblioteca Pública Metropolitana Salomé Ureña 08/03/2016 Sellar   BPMSU16080024 08/03/2016 08/03/2016 Libros